C. B. Colburn (Editor): DEVELOPMENTS IN INORGANIC NITROGEN CHEMISTRY

Bibliographic Details
Main Author: Zikmund, Miroslav, 1921-2023 (Author)
Format: Article
Language:Slovak

MARC

LEADER 00000nab a2200000uu 4500
001 vtls010875259
003 SK-MaSNL
005 20260303185827.0
008 230303|1967 xo |||||||||||||||||slo|
015 |a SNBRB 
035 |a (urnnbn)urn:nbn:sk:snk:ar-005zt2 
035 |a (uuid)b2b7285b-1282-4cbd-aab1-2da5035fcf42 
035 |a urn:nbn:sk:snk-ab7p61 
040 |a SNKBUCL  |b slo  |c SNKBUCL  |e AACR2 
041 0 |a slo 
044 |a xo  |c SK 
100 1 |a Zikmund, Miroslav,  |d 1921-2023  |4 aut  |9 100214 
245 1 0 |a C. B. Colburn (Editor): DEVELOPMENTS IN INORGANIC NITROGEN CHEMISTRY  |c M. Zikmund 
773 0 |t Chemické zvesti  |g Roč. 21, č. 4 (1967), s. 305-307 
958 |a OND 
958 |a EUIPO 
958 |a article8 
999 |c 2133239  |d 2135169